00606nam a2200217Ia 450000500170000000800410001702000180005804000190007604100120009508200160010710000260012324500370014926000260018630000160021244000230022850400500025165000180030165100290031970000300034885000100037820230102120611.0131103s9999 xx 000 0 und d aSBN 41614540X aLoreto College aEnglish a822.09bHIN aHinchliffe, Arnold P. 4aThe AbsurdcArnold P. Hinchliffe aLondonbMethuenc1969 axii,105 p.  aThe Critical idiom aIncludes bibliographical references and index aEnglish Drama aDrama - Critical Studies aJump, John D., series ed. aLCLIB